000 00578nam a2200217Ia 4500
005 20250508164355.0
008 008 250505s9999 xx 000 0 eng d
020 _a81-7055-204-4
037 _aTextual
040 _aFEDL
_beng
_cFEDL
041 _aeng
_2eng
084 _a891.433, NAG
_qFEDL
100 _aNagarjuna
245 0 _aVarun ke bete
260 _aNew Delhi, India
_bVani Prakashan
_c2007
300 _a120p
365 _aINR
_b95
650 _aHindi literature-Fiction
_9722739
942 _cTEXL
_h891.433, NAG
999 _c1388820
_d1388820